| 000 | 01082nam a2200289 i 4500 | ||
|---|---|---|---|
| 001 | 179832 | ||
| 003 | ES-MaACL | ||
| 005 | 20240305175835.0 | ||
| 008 | 120131s1997 sp acdo |||| |dspa d | ||
| 020 | _a84-87319-38-6 | ||
| 080 | _a371(460.283)"19" | ||
| 100 | 1 |
_aPérez Triguero, Magdalena. _9149256 |
|
| 245 | 1 | 0 |
_aInfluencia y aportaciones culturales de la segunda enseñanza en la sociedad conquense del siglo XIX / _cMagdalena Pérez Triguero. |
| 260 |
_aCuenca : _bDiputación de Cuenca, Departamento de Cultura, _c[1997] |
||
| 300 |
_a362 p. : _bil., gráf. col. y n. ; _c24 cm. |
||
| 490 | 1 |
_aHistoria ; _v18 |
|
| 500 | _aÍndices. | ||
| 504 | _aBibliografía: p. 291-301. | ||
| 650 | 7 |
_aEnseñanza- _zCuenca _2 _9149251 |
|
| 650 | 0 | 4 |
_aEnseñanza secundaria- _zEspaña- _yS.XIX. _912315 |
| 651 | 4 |
_aCuenca- _xHistoria. _9137112 |
|
| 710 | 1 |
_aCuenca (Provincia). _bDiputación Provincial. _93346 |
|
| 830 | 0 |
_aHistoria ; _v18 _9177536 |
|
| 852 |
_aES-MaACL _jA-11942 _9186733 _bR.146865 _cDEPO1 _dOlim: N-4947 |
||
| 942 |
_2udc _cMONOGRAFIA |
||
| 999 |
_c179832 _d179832 |
||